[Event "TUR-chT2"]
[Site "Konya"]
[Date "2018.07.12"]
[Round "5.16"]
[White "Sancar, Alperen"]
[Black "Bulcun, Omer"]
[Result "1-0"]
[WhiteElo "1497"]
[BlackElo "1226"]
[PlyCount "145"]
[EventDate "2018.07.10"]
[EventType "team-swiss"]
[EventRounds "9"]
[EventCountry "TUR"]
[SourceTitle "EXT 2019"]
[Source "ChessBase"]
[SourceDate "2018.10.10"]
[SourceVersion "1"]
[SourceVersionDate "2018.10.10"]
[SourceQuality "1"]
[WhiteTeam "Yalova Beyaz Fil"]
[BlackTeam "Corum Merkez Yatili"]
[WhiteTeamCountry "TUR"]
[BlackTeamCountry "TUR"]

1. d4 Nf6 2. Nf3 d5 3. Bf4 Nc6 4. e3 a6 5. Nbd2 Bf5 6. c4 Nb4 7. Qa4+ Nc6 8. Be2 b5 9. cxb5 axb5 10. Qxb5 Bd7 11. Qb3 e6 12. 0-0 Bb4 13. a3 Bxd2 14. Nxd2 0-0 15. Qc2 Qb8 16. Nb3 Ne4 17. Bd3 f5 18. Bxe4 dxe4 19. Nc5 Rf7 20. Nxd7 Nxd4 21. exd4 Rxd7 22. Qc6 Qe8 23. Be5 Rb8 24. b4 Rb6 25. Qc4 Rd5 26. Qxc7 Rxe5 27. Qxe5 Rb5 28. Qf4 Rd5 29. Rad1 Qa4 30. Qc7 Rd7 31. Qc8+ Kf7 32. h3 h6 33. Qc5 Rd5 34. Qc7+ Rd7 35. Qa5 Qxa5 36. bxa5 Ra7 37. d5 Rxa5 38. dxe6+ Kxe6 39. Rb1 h5 40. a4 g6 41. Rb6+ Kf7 42. Rc1 Ra7 43. a5 Ke7 44. a6 Kd8 45. Rxg6 Ke8 46. Rcc6 f4 47. Rc4 Re7 48. Rgc6 e3 49. fxe3 fxe3 50. Rc8+ Kf7 51. Kf1 Kf6 52. R4c5 h4 53. Ke2 Kg6 54. Rc4 Rd7 55. Rxh4 Rd2+ 56. Kxe3 Ra2 57. Rc6+ Kg5 58. Rg4+ Kf5 59. Rb4 Ra5 60. Rb7 Re5+ 61. Kf3 Ra5 62. a7 Ra3+ 63. Kf2 Kf4 64. g3+ Ke4 65. Rc8 Ra2+ 66. Ke1 Ra1+ 67. Kd2 Kf3 68. a8Q Rxa8 69. Rxa8 Kg2 70. Ke3 Kh2 71. Rb2+ Kxh3 72. Rd2 Kg4 73. Rf2 1-0